01866nam a2200361 a 4500001001200000003000800012006001900020007001500039008004100054010001700095020002500112020001500137040002100152035002100173050002400194245012700218246004800345260004800393300003300441500005400474504005200528520043100580533015201011650002901163650002501192650001901217655002901236710003101265710004801296710001701344856012601361999001701487ebr10233797CaPaEBRm u cr cn|||||||||080604s2008 sz ab sb i000 0 eng d z 2008395802 z9789241596282 (hbk.) z9241596287 aCaPaEBRcCaPaEBR a(OCoLC)24494830514aHV5732b.W48 2008eb00aWHO report on the global tobacco epidemic, 2008h[electronic resource] :bthe MPOWER package /cWorld Health Organization.30aReport on the global tobacco epidemic, 2008 aGeneva :bWorld Health Organization,c2008. a329 p. :bcol. ill., maps :. aTitle from title screen (viewed on Feb 20, 2008). aIncludes bibliographical references (p. 60-62). aThis landmark new report presents the first comprehensive worldwide analysis of tobacco use and control efforts. It provides countries with a roadmap to reverse the devastating global tobacco epidemic that could kill up to one billion people by the end of this century. The report outlines the MPOWER package, a set of six key tobacco control measures that reflect and build on the WHO Framework Convention on Tobacco Control. aElectronic reproduction.bPalo Alto, Calif. :cebrary,d2013.nAvailable via World Wide Web.nAccess may be limited to ebrary affiliated libraries. 0aTobacco usexPrevention. 0aSmokingxPrevention. 0aPublic health. 7aElectronic books.2local2 aWorld Health Organization.2 aResearch for International Tobacco Control.2 aebrary, Inc.40uhttp://site.ebrary.com/lib/rucke/Doc?id=10233797zAn electronic book accessible through the World Wide Web; click to view c38197d38197